German Car Brands - Statistics

General Stats
  • This quiz has been taken 377 times
  • The average score is 9 of 13
Answers on the Grid
Answers color-coded by a green-red scale on the quiz's grid according to % correct below.
Mercedes-Benz
Lada
Opel
Aston Martin
Oldsmobile
Smart
Wartburg
Kia
Bayerische Motoren Werke
Audi
Glas
Suzuki
Maybach
Artega
Peugeot
Isdera
Porsche
Honda
Volkswagen
Borgward
 
Answer Stats
Answer % Correct
Mercedes-Benz
99%
Volkswagen
89%
Porsche
86%
Audi
84%
Bayerische Motoren Werke
84%
Opel
79%
Maybach
74%
Wartburg
70%
Smart
60%
Borgward
57%
Glas
54%
Artega
44%
Isdera
43%
No matching quizzes found
Score Distribution
Percent of People with Each Score
Percentile by Number Answered
Your Score History
You have not taken this quiz